| 000 | 00542nam a2200193Ia 4500 | ||
|---|---|---|---|
| 005 | 20250508153250.0 | ||
| 008 | 008 250505s9999 xx 000 0 eng d | ||
| 037 | _aTextual | ||
| 040 |
_aFEDL _beng _cFEDL |
||
| 041 |
_aeng _2eng |
||
| 084 |
_a370.109, MAY _qFEDL |
||
| 100 | _aMayer Frederick | ||
| 245 | 0 | _aFoundations of education | |
| 260 |
_aColumbus, USA _bCharles E. Merrill Books _c1963 |
||
| 300 | _aviii,183p. | ||
| 650 | _aEducation - Philosophy | ||
| 942 |
_cTEXL _h370.109, MAY |
||
| 999 |
_c1341621 _d1341621 |
||